Normal view
MARC view
- Simek-Morgan, Lynn
Entry Personal Name
001 - CONTROL NUMBER
- control field: 1411
003 - CONTROL NUMBER IDENTIFIER
- control field: OSt
005 - DATE AND TIME OF LATEST TRANSACTION
- control field: 20170504144050.0
008 - FIXED-LENGTH DATA ELEMENTS
- fixed length control field: 170504|| aca||aabn | a|a d
040 ## - CATALOGING SOURCE
- Original cataloging agency: OSt
- Transcribing agency: OSt
100 ## - HEADING--PERSONAL NAME
- Personal name: Simek-Morgan, Lynn
670 ## - SOURCE DATA FOUND
- Source citation: Work cat.: (OSt): Ivey, Allen E. 1933- 1407, Counseling and psychotheraphy :, c1993

PORTAL AKMAL
E-MEL JKDM
AKMAL2U
G-BAM
u-PUSTAKA